000
00456nam a2200133Ia 4500
008
100328s9999 xx 000 0 und d
082
_b
33271
100
_a
सरदार गंगाधर बाळकृष्ण
245
_a
गांधी आणि आंबेडकर
260
_b
सुगावा
630
_a
गांधी आणि आंबेडकर
730
_a
गांधी आणि आंबेडकर
942
_c
BOOK
999
_c
523793
_d
523790